000 00501nam a2200193 a 4500
001 1767850377184
003 YourLibrary
005 20260108110413.0
008 260108s1993##################000#0#eng##
020 _a1560550694
082 0 4 _a617.71
_bSTE
100 1 _aStewart, William B.,
_eauthor.
245 1 0 _aSurgery of the Eyelid, Orbit, and Lacrimal System :
260 _c1993.
300 _a262 pages
650 0 _aMedical.
942 _cENGLISH
040 _aYourLibrary
_beng
_cYourLibrary
999 _c607754
_d607754